LEADER 05508nam 2200661Ia 450 001 9910462357703321 005 20200520144314.0 010 $a1-283-57160-9 010 $a9786613884053 010 $a90-272-7364-2 035 $a(CKB)2670000000240304 035 $a(EBL)1000269 035 $a(OCoLC)811490678 035 $a(SSID)ssj0000704667 035 $a(PQKBManifestationID)12218428 035 $a(PQKBTitleCode)TC0000704667 035 $a(PQKBWorkID)10719203 035 $a(PQKB)10453433 035 $a(MiAaPQ)EBC1000269 035 $a(Au-PeEL)EBL1000269 035 $a(CaPaEBR)ebr10593813 035 $a(CaONFJC)MIL388405 035 $a(EXLCZ)992670000000240304 100 $a20120418d2012 uy 0 101 0 $aeng 135 $aur|n|---||||| 181 $ctxt 182 $cc 183 $acr 200 00$aComparative Germanic syntax$b[electronic resource] $ethe state of the art /$fedited by Peter Ackema ...[et al.] 210 $aAmsterdam ;$aPhiladelphia $cJohn Benjamins Pub. Co.$d2012 215 $a1 online resource (434 p.) 225 0 $aLinguistik aktuell/linguistics today ;$vv. 191 300 $aDescription based upon print version of record. 311 $a90-272-5574-1 320 $aIncludes bibliographical references and index. 327 $aComparative Germanic Syntax; Editorial page; Title page; LCC data; Table of contents; List of contributors; INTRODUCTION; Comparative Germanic Syntax; References; Modal complement ellipsis; 1. Introduction; 2. Dutch modal complement ellipsis (MCE); 2.1 Basic properties; 2.2 Dutch modals and their complements; 2.2.1 Modals are raising verbs; 2.2.2 Dutch modals are merged in V, not in T; 2.2.3 Dutch modals select a non-finite TP complement; 2.2.4 Summary; 2.3 Ellipsis: Deletion or proform?; 2.3.1 Objects cannot extract out of MCE; 2.3.2 Subjects can extract out of MCE; 2.4 Summary 327 $a3. Ellipsis is deletion4. The analysis of Dutch MCE; 4.1 The licensing head and the size of the ellipsis site; 4.2 The extraction data; 4.2.1 Wh-object extraction; 4.2.2 Object scrambling; 4.2.3 Subject extraction; 4.3 Summary; 5. English VP ellipsis; 5.1 The licensing head and the ellipsis site; 5.2 The extraction data; 6. Conclusions and Further research; References; On the adverbial reading of infrequency adjectives and the structure of the DP; 1. Introduction; 1.1 Occasional constructions in English; 1.2 Constraints on English OCs; 1.2.1 Types of Ds licensing the OC reading 327 $a1.2.2 Adjacency to D1.2.3 Impossibility of coordination; 1.2.4 Types of adjectives licensing the OC reading; 1.3 The peculiarity of OCs: the syntax-semantics mismatch; 1.4 A proposal for OCs: Complex quantifier formation and quantifier raising (QR); 1.5 The Inverse scope parameter; 1.6 Our contribution; 2. German OCs revisited; 3. OCs beyond Germanic: Greek and Italian; 3.1 Scope in Greek and Italian; 3.2 OCs in Greek; 3.3 Italian OCs; 3.3.1 Types of Ds licensing the OC reading; 3.3.2 Adjacency to D; 3.3.3 Impossibility of coordination; 3.3.4 Prenominal position of the adjective 327 $a3.4 The semantic properties of qualche3.5 Interim summary and questions to address; 4. Towards an analysis; 4.1 The structure of the DP; 4.2 The dual nature of qualche; 4.3 PlP and OCs across languages; 4.3.1 Complex quantifier formation in Italian; 4.3.2 Plural determiners in English; 4.3.3 Greek and German determiners; 4.4 OCs and the syntax of determiners across languages; 5. Summary and conclusions; References; Crossing the Lake; 1. Introduction; 1.1 Background: Verb doubling in Swiss German; 1.2 The element gi in Bodensee-Alemannic; 2. Shared properties; 2.1 Interpretive properties 327 $a2.2 The category of the infinitival complement2.3 Structural position of the gi/go-phrase; 2.4 Infinitival complements with 'zum:' A clausal complement; 2.5 The structure; 3. Differences between CH-Alemannic and DE-Alemannic; 3.1 No integration into the VR/VPR-system; 3.2 Reordering possibilities; 3.3 No verbal doubling in BA; 4. The historical development; 4.1 The prepositional origin of gi/go; 4.2 The emergence of verb doubling in Swiss German; 5. Accounting for the differences; 5.1 Gi in BA; 5.2 Go in CH; 6. Why is gi/go limited to alemannic varieties?; 6.1 Historical issues 327 $a6.2 The case of West Flemish 330 $aThe present volume contains a selection of papers presented at the 23rd and 24th Comparative Germanic Syntax Workshop held at the University of Edinburgh and the Hogeschool-Universiteit Brussels. The contributions provide new perspectives on several topics of current interest for syntactic theory on the basis of comparative data from a wide range of Germanic languages. Among the theoretical and empirical issues explored are various ellipsis phenomena, the internal structure of the DP, the syntax-morphology interface, the syntax-semantics interface, Binding Theory, various diachronic developmen 410 0$aLinguistik aktuell ;$vBd. 191. 606 $aGermanic languages$xGrammar, Comparative 606 $aGermanic languages$xSyntax 608 $aElectronic books. 615 0$aGermanic languages$xGrammar, Comparative. 615 0$aGermanic languages$xSyntax. 676 $a430/.045 701 $aAckema$b Peter$f1965-$0906308 801 0$bMiAaPQ 801 1$bMiAaPQ 801 2$bMiAaPQ 906 $aBOOK 912 $a9910462357703321 996 $aComparative Germanic syntax$92026906 997 $aUNINA LEADER 02967nam 2200601 450 001 9910822701003321 005 20230803221040.0 010 $a1-905539-89-4 010 $a9781907836891 010 $a1-907830-89-8 035 $a(CKB)2550000001244290 035 $a(EBL)1647153 035 $a(SSID)ssj0001152553 035 $a(PQKBManifestationID)11760978 035 $a(PQKBTitleCode)TC0001152553 035 $a(PQKBWorkID)11148854 035 $a(PQKB)10797639 035 $a(MiAaPQ)EBC1647153 035 $a(Au-PeEL)EBL1647153 035 $a(CaPaEBR)ebr10842672 035 $a(CaONFJC)MIL577856 035 $a(OCoLC)873140039 035 $a(EXLCZ)992550000001244290 100 $a20140311h20142014 uy 0 101 0 $aeng 135 $aur|n|---||||| 181 $ctxt 182 $cc 183 $acr 200 10$aAnatomy for problem solving in sports medicine $ethe knee /$fPhilip Harris, Craig Ranson, Angus Robertson ; designed by Mary Blood 210 1$aCumbria, England :$cM&K Publishing,$d2014. 210 4$dİ2014 215 $a1 online resource (113 p.) 300 $aDescription based upon print version of record. 311 $a1-306-46605-9 320 $aIncludes bibliographical references and index. 327 $aCover; Prelims; Contents; Foreword; About the authors; Chapter 1 - Introduction to solving sports injuryproblems and the role of anatomy; Chapter 2 - Introduction to the anatomy of the knee; Chapter 3 - Anterior structures; Chapter 4 - Posterior structures; Chapter 5 - Medial structures; Chapter 6 - Lateral structures; Chapter 7 - Blood supply; Chapter 8 - Synovial membrane and synovial fluid; Chapter 9 - Major intra-articular structures; Chapter 10 - Extra-articular ligamentsand corner complexes; Chapter 11 - The patella and patellofemoral joint 327 $aChapter 12 - Fracture patterns of proximal tibiaand knee epiphysesReferences; Index 330 $aWhen examining patients with sports-related and exercise-related injuries, a thorough knowledge of anatomy is vital in order to make an accurate diagnosis and work out an effective treatment plan. In this helpful, practical book, a professional anatomist, an orthopaedic surgeon and a sports physiotherapist have combined their expertise to give a detailed explanation of the structural and functional anatomy of the knee. The book includes descriptions and images of the relevant anatomy, and sample clinical problems (with model answers) throughout. 606 $aKnee$xWounds and injuries 615 0$aKnee$xWounds and injuries. 676 $a617.582 700 $aHattis$b Philip$01602080 701 $aRanson$b Craig$01602081 701 $aRobertson$b Angus$01602082 701 $aBlood$b Mary$01602083 801 0$bMiAaPQ 801 1$bMiAaPQ 801 2$bMiAaPQ 906 $aBOOK 912 $a9910822701003321 996 $aAnatomy for problem solving in sports medicine$93925918 997 $aUNINA